Sustainability of the ELV Processing System in the Slovak Republic and Forecasting of Waste Streams from the Operation of Passenger Motor Vehicles

Odhad prúdov odpadov zo spracovania vozidiel po dobe životnosti v Slovenskej republike. Prognózy prúdov odpadov, ktoré sa ročne vyprodukujú pri údržbách osobných motorových vozidiel v Slovenskej republike.

Salvato in:
Dettagli Bibliografici
Autore principale: Ochotnický, Pavol
Altri autori: Káčer, Marek, 1976-, Alexy, Martin, 1976-
Natura: Capitolo di libro
Lingua:inglese
Soggetti:
Tags: Aggiungi Tag
Nessun Tag, puoi essere il primo ad aggiungerne!!

MARC

LEADER 00000nla a2200000 4500
001 0241944
005 20260319105005.2
041 0 |a eng 
044 |a CZ 
245 1 0 |a Sustainability of the ELV Processing System in the Slovak Republic and Forecasting of Waste Streams from the Operation of Passenger Motor Vehicles  |c Pavol Ochotnický, Marek Káčer, Martin Alexy 
520 |a Odhad prúdov odpadov zo spracovania vozidiel po dobe životnosti v Slovenskej republike. Prognózy prúdov odpadov, ktoré sa ročne vyprodukujú pri údržbách osobných motorových vozidiel v Slovenskej republike. 
610 2 0 |a automobily 
610 2 0 |a Slovensko 
610 2 0 |a odpad výrobný 
610 2 0 |a prognózy 
610 2 0 |a ochrana prostredia životného 
100 1 |a Ochotnický, Pavol 
700 1 |a Káčer, Marek, 1976- 
700 1 |a Alexy, Martin, 1976-